| 000 | 00692nam a22002177a 4500 | ||
|---|---|---|---|
| 999 |
_c1620 _d1620 |
||
| 003 | AR-CdUCM | ||
| 008 | 190227b ||||| |||| 00| 0 spa d | ||
| 040 |
_aMUNICIPALIDAD PROVINCIAL DEL CUSCO _cBIBLIOTECA MUNICIPAL DEL CUSCO |
||
| 082 |
_22ed. _a868.5 / _bSA18 |
||
| 100 |
_aGonzales Muela, Joaquin _96058 |
||
| 245 |
_aLa Voz a ti Debida y Razon de Amor / _cGonzales Muela, Joaquin |
||
| 260 |
_aMadrid : _bArtes Graficas Soler, _c1974. |
||
| 300 |
_a209 paginas ; _c22cm. |
||
| 500 | _aNovela | ||
| 650 |
_aLiteratura _983 |
||
| 650 |
_aNovela EspaƱola _96059 |
||
| 650 |
_aHistoria _9136 |
||
| 700 |
_aGonzales Muela, Joaquin _96058 |
||
| 942 |
_2ddc _cLIBROS |
||
| 945 |
_apjha _d2019-02-27 |
||